000 01101nam a2200277 a 4500
001 85261
003 BD-RjUL
005 20250721152356.0
008 250721s2025 bg ||||| |||| 00| 0 ben d
020 _a9789849917267 :
_c600.00
035 _a(BD-RjUL)85261
040 _aBD-RjUL
_beng
_cBD-RjUL
041 _aben
082 _223
_a320.95492
_bNAS 2025
100 _aনজরুল, আসিফ
_916143
245 _aশেখ হাসিনার পতনকাল /
_cআসিফ নজরুল
260 _aঢাকা :
_bপ্রথমা প্রাকাশন,
_c২০২৫
300 _a২৫৩ পৃ.;
_c২৫ সেমি.
600 _aহাসিনা, শেখ
_9954
600 _aHasina, Sheikh
_94384
650 _aরাজনীতি ও সরকার
_zবাংলাদেশ
_916144
650 _aPolitics and Government
_zBangladesh
_910032
650 _aছাত্র আন্দোলন
_yজুলাই, ২০২৪
_zবাংলাদেশ
_916130
650 _aStudent movements
_yJuly, 2024
_zBanglades
_916137
942 _2ddc
_cBK
999 _c85261
_d85261